000 00545nam a2200181 a 4500
005 20140310183319.0
008 060111s19uu xx 00 eng d
020 _a0764503057
050 _aQA 76.76.O63
_b.Si594 1997
100 _aSimon, Jinjer
245 _aWindows CE 2 for dummies :
_bquick reference /
_cJinjer Simon.
260 _aFoster City, CA :
_bIDG Books Worldwide inc,
_c1997.
300 _a211 p. :
_bill. ;
_c21 cm.
521 _aIT
650 _aWindows (Computer program language).
942 _cBK
_2lcc
_kFOR
999 _c21346
_d21346